Music Quiz

Random Music or The Beatles Quiz

Songs on Abbey Road Quiz Stats

 Plays Quiz Updated Dec 18, 2019

Support Sporcle.
Go Orange.
Score 0/17 Timer 03:00
0 Plays Today
Side % Correct
Side 1Come Together
84%
Side 2Here Comes the Sun
77.7%
Side 2The End
74.9%
Side 1Something
74.6%
Side 1Maxwell's Silver Hammer
74.2%
Side 2Her Majesty
73.4%
Side 1Octopus's Garden
71.2%
Side 2Mean Mr. Mustard
70.9%
Side 2Polythene Pam
70%
Side % Correct
Side 2She Came in Through the Bathroom Window
69.1%
Side 2Golden Slumbers
64.8%
Side 1I Want You (She's So Heavy)
63.9%
Side 2Carry That Weight
63.9%
Side 2Sun King
61.8%
Side 2Because
55.5%
Side 1Oh! Darling
55.3%
Side 2You Never Give Me Your Money
55.3%

From the Vault

Find the Fake Flags

by bareodin2

If you wave a fake flag around long enough, someone will eventually recognize you as a nation.
Remove Ads.
Support Sporcle.
Get the best of Sporcle when you Go Orange. This ad-free experience offers more features, more stats, and more fun while also helping to support Sporcle. Thank you for becoming a member.

Show Comments

Extras

Top Quizzes Today


Score Distribution

Your Account Isn't Verified!

In order to create a playlist on Sporcle, you need to verify the email address you used during registration. Go to your Sporcle Settings to finish the process.

Report this User

Report this user for behavior that violates our Community Guidelines.

Details: